| 000 -LEADER |
| fixed length control field |
00335nam a22001097a 4500 |
| 082 ## - DEWEY DECIMAL CLASSIFICATION NUMBER |
| Classification number |
TNC Y26X5422 D535 |
| 100 ## - MAIN ENTRY--PERSONAL NAME |
| Personal name |
Dhar T.N. and S.P. Gupta |
| 9 (RLIN) |
20220 |
| 245 ## - TITLE STATEMENT |
| Title |
Tourism in the Indian Himalaya |
| Statement of responsibility, etc |
by Chaturvedi T.N. |
| 260 ## - PUBLICATION, DISTRIBUTION, ETC. (IMPRINT) |
| Place of publication, distribution, etc |
Lucknow |
| Name of publisher, distributor, etc |
825 Jawahar Bhawan |
| Date of publication, distribution, etc |
1999 |
| 300 ## - PHYSICAL DESCRIPTION |
| Extent |
290p. |
| 650 ## - SUBJECT ADDED ENTRY--TOPICAL TERM |
| Topical term or geographic name as entry element |
Tourism Himalaya Mountains Region |
| 9 (RLIN) |
20221 |